| 000 | 00542nam a2200205 a 4500 | ||
|---|---|---|---|
| 001 | BRCA_6770 | ||
| 005 | 20190320205602.0 | ||
| 008 | 261011s1900----gw-#######---#000-0#ger-# | ||
| 040 | _ager | ||
| 041 |
_agw _b.S36 1900 |
||
| 100 | 1 |
_aSchopenhauer, Arthur _d1788-1860. _916057 |
|
| 245 | 1 | 0 |
_aüber Lesen und Bücher _cArthur Schopenhauer. |
| 260 |
_aLeipzig _bIm Insel _c[1900] |
||
| 300 |
_a81 p. _c19 cm. |
||
| 440 | 0 |
_aIm Insel: Bücherei _v138 _916894 |
|
| 500 | _aL91 | ||
| 650 | 1 | 4 |
_aFilosofía _914906 |
| 902 | _aGFM | ||
| 942 |
_2lcc _cB |
||
| 999 |
_c6453 _d6453 |
||